| 000 | 00716nam a2200205Ii 4500 | ||
|---|---|---|---|
| 003 | JO-AjNU | ||
| 008 | 230605s9999||||xx |||||||||||||| ||und|| | ||
| 040 |
_aJO-AjNU _bara _erda _cJO-AjNU |
||
| 041 | _aara | ||
| 050 | 1 | 4 | _aDS36.88.B3422 2001 |
| 100 | 3 |
_aبلقويز، عبد الإله, _eauthor _97217 |
|
| 245 | 0 | 0 | _aأسئلة الفكر العربي المعاصر |
| 250 | _aط1 | ||
| 264 | 3 | 1 | _aاللاذقية: دار الحوار للنشر والتوزيع، 2001 |
| 300 | _a165ص | ||
| 336 |
_atext _btxt _2rdacontent |
||
| 337 |
_aunmediated _bn _2rdamedia |
||
| 338 |
_avolume _bnc _2rdacarrier |
||
| 650 | 4 |
_aفكر وتفكير، علم اجتماع سياسي، عالم عربي - خضارة _97218 |
|
| 999 |
_aA168 _c3736 _d3736 |
||